<?xml version="1.0" encoding="UTF-8"?><marc:collection xmlns:marc="http://www.loc.gov/MARC21/slim">
  <marc:record>
    <marc:leader>00000nas  2200000za 4500</marc:leader>
    <marc:controlfield tag="001">9.512853</marc:controlfield>
    <marc:controlfield tag="003">CaOODSP</marc:controlfield>
    <marc:controlfield tag="005">20200504111205</marc:controlfield>
    <marc:controlfield tag="007">ta</marc:controlfield>
    <marc:controlfield tag="008">150406c1996||||xxc|| m #||||f|   |0fre|d</marc:controlfield>
    <marc:datafield tag="040" ind1=" " ind2=" ">
      <marc:subfield code="a">CaOODSP</marc:subfield>
      <marc:subfield code="b">fre</marc:subfield>
    </marc:datafield>
    <marc:datafield tag="043" ind1=" " ind2=" ">
      <marc:subfield code="a">n-cn---</marc:subfield>
    </marc:datafield>
    <marc:datafield tag="086" ind1="1" ind2=" ">
      <marc:subfield code="a">C21-22F</marc:subfield>
    </marc:datafield>
    <marc:datafield tag="110" ind1="1" ind2=" ">
      <marc:subfield code="a">Canada.</marc:subfield>
      <marc:subfield code="b">Industrie Canada. </marc:subfield>
      <marc:subfield code="b">Secteur de l'industrie.</marc:subfield>
    </marc:datafield>
    <marc:datafield tag="245" ind1="1" ind2="0">
      <marc:subfield code="a">Cadres de compétitivité sectorielle </marc:subfield>
    </marc:datafield>
    <marc:datafield tag="260" ind1=" " ind2=" ">
      <marc:subfield code="a">Ottawa - Ontario : </marc:subfield>
      <marc:subfield code="b">Industrie Canada. </marc:subfield>
    </marc:datafield>
    <marc:datafield tag="500" ind1=" " ind2=" ">
      <marc:subfield code="a">«Industrie Canada publie la série d'études [...] sectorielle dans le but de fournir des renseignements spécialisés ciblés, à jour et pertinents sur les entreprises et les industries. On y détermine les secteurs et sous-secteurs offrant des possibilités de croissance sur le plan des exportations et on présente des moyens qui permettront de stimuler la création d'emplois et la croissance économique. Les études publiées en 1996-1997 porteront sur 29 des principaux secteurs de fabrication et de services du Canada.»--Avant-propos.</marc:subfield>
    </marc:datafield>
    <marc:datafield tag="520" ind1="3" ind2=" ">
      <marc:subfield code="a">Industrie Canada publie la série d'études [...] sectorielle dans le but de fournir des renseignements spécialisés ciblés, à jour et pertinents sur les entreprises et les industries. On y détermine les secteurs et sous-secteurs offrant des possibilités de croissance sur le plan des exportations et on présente des moyens qui permettront de stimuler la création d'emplois et la croissance économique. Les études publiées en 1996-1997 porteront sur 29 des principaux secteurs de fabrication et de services du Canada.--Avant-propos</marc:subfield>
    </marc:datafield>
    <marc:datafield tag="563" ind1=" " ind2=" ">
      <marc:subfield code="a">Dépliant</marc:subfield>
    </marc:datafield>
    <marc:datafield tag="775" ind1="0" ind2="8">
      <marc:subfield code="t">Sector competitiveness frameworks </marc:subfield>
      <marc:subfield code="w">(CaOODSP)9.514437</marc:subfield>
    </marc:datafield>
    <marc:datafield tag="776" ind1="0" ind2="#">
      <marc:subfield code="t">Cadres de compétitivité sectorielle.</marc:subfield>
      <marc:subfield code="w">(CaOODSP)9.886762</marc:subfield>
    </marc:datafield>
  </marc:record>
</marc:collection>
